| 000 | 00728cab a2200253 4500 | ||
|---|---|---|---|
| 001 | WB3243-18 | ||
| 008 | 090401t1996 xxu||||| |||| 00| 0 eng d | ||
| 035 | _a(Sirsi) u50224 | ||
| 041 | _aeng | ||
| 245 | _aEnergy efficient house | ||
| 260 | _c1996 | ||
| 350 | _a0 | ||
| 490 |
_aTimes _v13 November 1996, 33(2) |
||
| 520 | _aProfiles Bristol CC`s sponsored energy efficient `Ecohome` with estimated energy running costs of £260 per year. | ||
| 650 | _aDOMESTIC PROPERTY | ||
| 650 | _aECOHOME | ||
| 650 | _aENERGY COSTS | ||
| 650 | _aENERGY EFFICIENCY | ||
| 650 | _aENERGY-EFFICIENT HOMES | ||
| 650 | _aSOLAR ENERGY | ||
| 690 | _aENVIRONMENTAL AND LAND CONSULTANCY-ENERGY | ||
| 942 | _n0 | ||
| 948 | _c04/03/1997 | ||
| 999 |
_c31350 _d31350 |
||